Trường ca Các Dân Tộc BANA, ÊĐÊ,HRÊ

Enregistré dans:
Détails bibliographiques
Auteur principal: Ka Sô Liễng
Format: Livre
Langue:Vietnamese
Publié: Dân Tộc 2012
Sujets:
Tags: Ajouter un tag
Pas de tags, Soyez le premier à ajouter un tag!
Thư viện lưu trữ: Mạng thư viện Đại học Đà Nẵng
LEADER 01238nam a22003371a 4500
001 000036128
003 12421
005 20160328000000.0
008 160328s2012 vm 000 vie
020 |a 978-604-70-0170-5 
041 |a vie 
082 |a 398.2  |b KA-L 
100 |a Ka Sô Liễng 
245 |a Trường ca Các Dân Tộc BANA, ÊĐÊ,HRÊ  |c Ka Sô Liễng 
260 |a Dân Tộc  |c 2012 
300 |a 279tr. : mh :20cm 
650 |a Trường ca Các Dân Tộc BANA, ÊĐÊ,HRÊ,Trường ca , Dân Tộc, BANA, ÊĐÊ,HRÊ,Ka Sô Liễng,2012 
852 |b Chuyên đề  |c Ngôn ngữ tiếng Việt 2 
OWN |a LNN 
AVA |a UDN50  |b LNN  |d 398.2 KA-L  |e available  |t Error 5001 Not defined in file expand_doc_bib_avail.  |f 1  |g 0  |h N  |i 0  |k 1 
999 |a From the UDN01 
AVA |a UDN50  |b LNN  |d 398.2 KA-L  |e available  |t Error 5001 Not defined in file expand_doc_bib_avail.  |f 1  |g 0  |h N  |i 0  |k 1 
TYP |a Monograph 
TYP |a Printed language 
980 |a Mạng thư viện Đại học Đà Nẵng